00313pab a2200121 454500008004000000100001900040245006500059260000900124300000800133362001100141650002000152773001900172180718b1999 xxu||||| |||| 00| 0 eng d aShahin, Sultan aMuslim leader's bizarre logic: don't repeat Jinnah's follies c1999 ap.8 a16 Oct aMinority groups aIndian Express